Management Practices In Village Knowledge Centre/ (Record no. 190932)

MARC details
000 -LEADER
fixed length control field 00635nam a22001937a 4500
005 - DATE AND TIME OF LATEST TRANSACTION
control field 20220811153736.0
010 ## - LCCN (DPL NO)
LC control number ENG-134403
020 ## - INTERNATIONAL STANDARD BOOK NUMBER
International Standard Book Number 9789390082063
Terms of availability 350.00
035 ## - SYSTEM CONTROL NUMBER
System control number EN-117935
037 ## - SOURCE OF ACQUISITION
Source of stock number/acquisition DBAD/PUB
082 ## - DEWEY DECIMAL CLASSIFICATION NUMBER
Classification number 658.15
100 ## - MAIN ENTRY--PERSONAL NAME
Personal name Ramesh, S.
245 ## - TITLE STATEMENT
Title Management Practices In Village Knowledge Centre/
Statement of responsibility, etc S. Ramesh and R. Venkata Ravi
260 ## - PUBLICATION, DISTRIBUTION, ETC. (IMPRINT)
Place of publication, distribution, etc Tamil Nadu
Name of publisher, distributor, etc Shanlax Publications
Date of publication, distribution, etc 2020
270 ## - ADDRESS
Address 61, 66 T.P.K. Main Road Vasantha Nagar
City Madurai
Postal code 625003
Electronic mail address publisher@shanlaxpublications.com
300 ## - PHYSICAL DESCRIPTION
Extent 189p.
Dimensions 22cm(pbk)
700 ## - ADDED ENTRY--PERSONAL NAME
Personal name Ravi, R. Venkata
942 ## - ADDED ENTRY ELEMENTS (KOHA)
Source of classification or shelving scheme Dewey Decimal Classification
Item type English Books
Classification part 658.15
Call number suffix RAM
Holdings
Withdrawn status Lost status Not for loan Collection code Home library Current library Date acquired Source of acquisition Cost, normal purchase price Full call number Barcode Copy number Cost, replacement price Koha item type
      Non-fiction Bawana Bawana 11/08/2022 DBAD/PUB 350.00 658.15 RAM EN-117935 1 350.00 English Books

© Delhi Public Library
Hit Counter
free hit counter